000 00270nam a22001217a 4500
020 _a0-7214-1669-1
082 _a823
_bBRA/T
100 _aBRADBURY, LYNNE
245 _aTELLING THE TIME
260 _aUK
_bLADY BIRD
_c1994
650 _aENGLISH SHORT STORY
_zUK
942 _cBK
999 _c2365
_d2365